Dumala / (Record no. 193265)

MARC details
000 -LEADER
campo de control de longitud fija 02000nam a2200421 i 4500
001 - NÚMERO DE CONTROL
campo de control 193265
003 - IDENTIFICADOR DE NÚMERO DE CONTROL
campo de control SpMaBN
005 - FECHA Y HORA DE LA ÚLTIMA TRANSACCIÓN
campo de control 20250804062655.0
007 - CAMPO FIJO DE DESCRIPCIÓN FÍSICA--INFORMACIÓN GENERAL
campo de control de longitud fija ta
008 - DATOS DE LONGITUD FIJA--INFORMACIÓN GENERAL
campo de control de longitud fija 130424s2012 sp | |||| 000 f spa
017 ## - NÚMERO DE COPYRIGHT O DE DEPÓSITO LEGAL
Número de copyright o de depósito legal M 34670-2012
Agencia que asigna Oficina Depósito Legal Madrid
020 ## - NÚMERO INTERNACIONAL ESTÁNDAR DEL LIBRO
Número Internacional Estándar del Libro 9788493920098
035 ## - NÚMERO DE CONTROL DEL SISTEMA
Número de control de sistema (OCoLC)864253904
035 ## - NÚMERO DE CONTROL DEL SISTEMA
Número de control de sistema a5355388
040 ## - FUENTE DE CATALOGACIÓN
Centro catalogador/agencia de origen SpMaBN
Lengua de catalogación spa
Centro/agencia transcriptor SpMaBN
Normas de descripción rdc
080 ## - NÚMERO DE LA CLASIFICACIÓN DECIMAL UNIVERSAL
Número de la Clasificación Decimal Universal 821.112.2-31"18"
100 1# - ENTRADA PRINCIPAL--NOMBRE DE PERSONA
Nombre de persona Keyserling, Eduard von,
Fechas asociadas al nombre 1855-1918
Número de control del registro de autoridad o número normalizado XX1677417
9 (RLIN) 234395
Término indicativo de función/relación Autor
245 10 - MENCIÓN DEL TÍTULO
Título Dumala /
Mención de responsabilidad, etc. Eduard von Keyserling ; traducción del alemán, Carlos Fortea
250 ## - MENCION DE EDICION
Mención de edición Primera edición en Nocturna Ediciones: octubre de 2012
260 ## - PUBLICACIÓN, DISTRIBUCIÓN, ETC.
Lugar de publicación, distribución, etc. Madrid :
Nombre del editor, distribuidor, etc. Nocturna,
Fecha de publicación, distribución, etc. 2012
300 ## - DESCRIPCIÓN FÍSICA
Extensión 167 páginas ;
Dimensiones 21 cm
336 ## - TIPO DE CONTENIDO
Término de tipo de contenido Texto (visual)
Fuente isbdcontent
337 ## - TIPO DE MEDIO
Nombre/término del tipo de medio sin mediación
Fuente isbdmedia
338 ## - TIPO DE SOPORTE
Fuente rdacarrier
Nombre/término del tipo de soporte volumen
490 1# - MENCIÓN DE SERIE
Mención de serie Noches blancas
520 ## - RESUMEN, ETC.
Sumario, etc. Tres hombres compiten por la bella Karola: un joven y altivo poeta, un religioso con dudas y un barón de oscuras intenciones. Cuando la tensión se vuelva insoportable, uno de ellos se descubrirá cometiendo un acto tan vil como sorprendente.<br/><br/>Ambientada en el gélido invierno báltico, Dumala es una perturbadora novela de Eduard von Keyserling —conocido como el escritor impresionista por la delicadeza de su estilo— sobre el deseo y el peligro de los celos.
655 #0 - TERMINO DE INDIZACIÓN--GENERO/FORMA
Datos o término principal de género/forma Novelas
9 (RLIN) 234319
700 1# - ENTRADA AGREGADA--NOMBRE PERSONAL
Nombre de persona Fortea, Carlos,
Fechas asociadas al nombre 1963-
Término indicativo de función/relación Traductor
9 (RLIN) 51844
830 ## - PUNTO DE ACCESO ADICIONAL DE SERIE-TÍTULO UNIFORME
Título uniforme Noches blancas
9 (RLIN) 234396
852 ## - LOCALIZACIÓN
Ubicación ES-MaACL
Sublocalización o colección R. 154667
Ubicación en estantería Depósito J
itemnumber 200696
Donativo/Legado Donación: Carlos Fortea
Número de control de estantería N-9438
Encuadernación Encuadernación rústica con solapas
903 ## - NOMBRE PERSONAL DE DONANTE
a Fortea, Carlos,
d 1963-
e Donante
9 51844
942 ## - ELEMENTOS DE ENTRADA SECUNDARIOS (KOHA)
Suprimir en OPAC No
Tipo de ítem Koha Libro impreso
Holdings
Estatus retirado Estado de pérdida Fuente del sistema de clasificación o colocación Estado de daño No para préstamo Biblioteca de origen Biblioteca actual Ubicación en estantería Fecha de adquisición Fuente de adquisición Número de control de estantería Total de préstamos Signatura topográfica completa Código de barras Visto por última vez Tipo de ítem Koha
    Clasificación decimal universal     Biblioteca del Ateneo de Madrid Biblioteca del Ateneo de Madrid Depósito J 25/10/2023 Donación Ateneísta   N-9438 101205984 25/10/2023 Libro impreso